000 01192nam a22003491i 4500
001 142294
003 ES-MaACL
005 20250802222148.0
007 t|
008 071004s1976 sp r ||||0| spa d
016 7 _zIND9100162627
020 _a84-281-0309-7
040 _aM-BN
_bspa
_cA2
080 _a711(04)
080 _a301.185.2(04)
130 0 _aCiudades y espacio.
_9119874
245 1 0 _aCiudades y espacio
_b: el uso futuro del suelo urbano /
_cLowdon Wingo, Jr., editor... ; [versión del inglés de M. Bayés Sopena].
260 _aBarcelona :
_bOikos-Tau,
_c1976.
300 _a179 p., 2 h., 4 h. con lám. ;
_c24 cm.
490 1 _aColección de urbanismo ;
_v5
500 _aIndices.
500 _a"Ponencias del cuarto simposio de Resources for the Future..."
650 7 _aUrbanismo
_2embne
_917692
650 1 4 _aSociología urbana.
_917217
700 1 _aWingo, Lowdon.
_9117082
700 1 _aBayés Sopena, M.
_926663
711 2 _aSymposium Resources for the Future (
_n4º.
_d1962.
_cWashington)
_91114
830 0 _aColección de urbanismo ;
_v5
_9187237
852 _aES-MaACL
_jA-5622
_bR.94606
999 _c142294
_d142294